00931 a2200205 45000010006000000050017000060080041000230030015000640400040000790800017001192450079001360200022002152500012002372640048002493000024002975050279003210410008006001000018006088560099006264948820260407155758.0260407a2018 arg spa dAR-UNSa-BCEJYS aAR-UNSa-BCEJYSbspacAR-UNSa-BCEJYS a512xAlgebra10aMatemáticas aplicadas a los negocios, las ciencias sociales y de la vida a978-607-526-530-8 a6a. ed. 1aMéxico :bCengage Learning Editoresc2018 axix, 721 p.c27 cm. a1. Fundamentos de álgebra - 2. Funciones y sus gráficas - 3. Funciones exponenciales y logarítmicas - 4. Sistema de ecuaciones lineales y matrices - 5. Conjuntos - 6. La derivada - 7. Aplicaciones de la derivada - 8. Integración - 9. Cálculo de varias variables -  aspa1 aTan, Soo Tang41uhttps://www.biblioeco.unsa.edu.ar/pmb/images/libros/L128129.jpgyImagen de portadaqimage/jpeg